书目信息 |
| 题名: |
网络基础-NOVELL和Internet
|
|
| 作者: | 朱小玲 | |
| 分册: | ||
| 出版信息: | 中国建材工业出版社 1998.11 |
|
| 页数: | 244页 | |
| 开本: | ||
| 丛书名: | ||
| 单 册: | ||
| 中图分类: | TP393.01 | |
| 科图分类: | ||
| 主题词: | 计算机应用 | |
| 电子资源: | ||
| ISBN: | 7-80090-800-3 | |
| 000 | 00533nam0 2200193 45 | |
| 001 | 0308271096 | |
| 005 | 20030827105726.0 | |
| 010 | @a7-80090-800-3@d798.00元 | |
| 100 | @a20030827d1998 km y0chiy0120 ea | |
| 101 | @achi | |
| 105 | @a z 000yy | |
| 200 | 1 | @a网络基础-NOVELL和Internet@Awang luo ji chu-NOVELL he Internet@f朱小玲@Fzhu xiao ling |
| 210 | @c中国建材工业出版社@d1998.11 | |
| 215 | @a244页 | |
| 606 | 0 | @a计算机应用 |
| 690 | @aTP393.01@v3 | |
| 701 | 0 | @a朱小玲 |
| 801 | @aCN@b@c20030827 | |
| 905 | @aBZT@dTP393.01@e58 | |
| 网络基础-NOVELL和Internet/朱小玲.-中国建材工业出版社,1998.11 |
| 244页 |
| ISBN 7-80090-800-3:798.00元 |
| ● |
| 相关链接 |
|
|
|
正题名:网络基础-NOVELL和Internet
索取号:TP393.01/58
 
预约/预借
| 序号 | 登录号 | 条形码 | 馆藏地/架位号 | 状态 | 备注 |
| 1 | 0106833 | 201151458 | 中心书库中库/ 中库026架B面7列5层6/ [索取号:TP393.01/58] | 在馆 |